[Event "BLR-ch U20 Girls"]
[Site "Minsk"]
[Date "2008.04.20"]
[Round "7"]
[White "Khudaya, Iryna"]
[Black "Scherbakova, Alisa"]
[Result "0-1"]
[WhiteElo "2125"]
[BlackElo "1962"]
[PlyCount "36"]
[EventDate "2008.04.14"]
[EventType "tourn"]
[EventRounds "9"]
[EventCountry "BLR"]
[SourceTitle "EXT 2011"]
[Source "ChessBase"]
[SourceDate "2010.11.26"]
[SourceVersion "1"]
[SourceVersionDate "2010.11.26"]
[SourceQuality "1"]

1. f4 d5 2. Nf3 Nf6 3. g3 c6 4. Bg2 Qb6 5. e3 Bg4 6. h3 Bf5 7. d3 h5 8. 0-0 Nbd7 9. Ne5 Qc7 10. Qf3 e6 11. g4 Nxe5 12. fxe5 hxg4 13. hxg4 Nxg4 14. Qf4 Qxe5 15. Nc3 Qxf4 16. Rxf4 Bd6 17. Rf1 Bh2+ 18. Kh1 Nxe3 0-1

[Event "BLR-ch (Women) 52nd"]
[Site "Minsk"]
[Date "2008.03.19"]
[Round "10"]
[White "Azarova, Nadezhda"]
[Black "Khudaya, Iryna"]
[Result "1-0"]
[WhiteElo "2296"]
[BlackElo "2138"]
[PlyCount "73"]
[EventDate "2008.03.10"]
[EventType "swiss"]
[EventRounds "11"]
[EventCountry "BLR"]
[SourceTitle "CBM 123 Extra"]
[Source "ChessBase"]
[SourceDate "2008.05.06"]
[SourceVersion "1"]
[SourceVersionDate "2008.05.06"]
[SourceQuality "1"]

1. e4 c5 2. Nf3 Nc6 3. d4 cxd4 4. Nxd4 g6 5. c4 Bg7 6. Be3 Nf6 7. Nc3 0-0 8. Be2 d6 9. 0-0 Bd7 10. Rb1 Nxd4 11. Bxd4 Bc6 12. f3 a5 13. b3 Nd7 14. Bxg7 Kxg7 15. Kh1 Nc5 16. Bd3 Qc7 17. Bc2 Rfb8 18. Qe2 Ne6 19. Rbd1 Rc8 20. f4 b5 21. f5 Nf8 22. f6+ exf6 23. Qf2 Nd7 24. cxb5 Bxb5 25. Nxb5 Qxc2 26. Qf3 Rab8 27. Nxd6 Rc3 28. Qg4 Rd8 29. Nxf7 h5 30. Qe6 Rd3 31. Rc1 Qxc1 32. Rxc1 Nc5 33. Nxd8 Nxe6 34. Nxe6+ Kf7 35. Nc5 Rd2 36. a4 h4 37. h3 1-0

[Event "BLR-ch (Women) 52nd"]
[Site "Minsk"]
[Date "2008.03.18"]
[Round "9"]
[White "Popova, Natalija"]
[Black "Khudaya, Iryna"]
[Result "1/2-1/2"]
[WhiteElo "2252"]
[BlackElo "2138"]
[PlyCount "77"]
[EventDate "2008.03.10"]
[EventType "swiss"]
[EventRounds "11"]
[EventCountry "BLR"]
[SourceTitle "CBM 123 Extra"]
[Source "ChessBase"]
[SourceDate "2008.05.06"]
[SourceVersion "1"]
[SourceVersionDate "2008.05.06"]
[SourceQuality "1"]

1. e4 c5 2. Nf3 Nc6 3. d4 cxd4 4. Nxd4 g6 5. Nc3 Bg7 6. Be3 Nf6 7. Bc4 Qa5 8. 0-0 0-0 9. Bb3 d6 10. h3 Bd7 11. Re1 Rac8 12. Qd2 Rfe8 13. Nf3 b5 14. Bh6 a6 15. Rad1 Ne5 16. Nxe5 dxe5 17. Bxg7 Kxg7 18. Re3 Bc6 19. Rd3 Qb4 20. Qe3 Bb7 21. a3 Qc5 22. Qf3 a5 23. Qe3 a4 24. Bd5 Ba6 25. Qxc5 Rxc5 26. R3d2 Rb8 27. f3 e6 28. Ba2 b4 29. Nxa4 Ra5 30. Bb3 bxa3 31. bxa3 Bb5 32. Nc3 Rxa3 33. Nxb5 Rxb5 34. Rd8 Rc5 35. Kf2 Ra7 36. Ke3 Rcc7 37. Rb8 Nd7 38. Rb4 Nc5 39. Rd2 1/2-1/2

[Event "BLR-ch (Women) 52nd"]
[Site "Minsk"]
[Date "2008.03.13"]
[Round "4"]
[White "Khudaya, Iryna"]
[Black "Scherbakova, Alisa"]
[Result "0-1"]
[WhiteElo "2138"]
[BlackElo "1920"]
[PlyCount "88"]
[EventDate "2008.03.10"]
[EventType "swiss"]
[EventRounds "11"]
[EventCountry "BLR"]
[SourceTitle "CBM 123 Extra"]
[Source "ChessBase"]
[SourceDate "2008.05.06"]
[SourceVersion "1"]
[SourceVersionDate "2008.05.06"]
[SourceQuality "1"]

1. e4 e6 2. d4 d5 3. e5 c5 4. c3 Qb6 5. Nf3 Bd7 6. a3 a5 7. b3 Nc6 8. Be3 Nh6 9. Bd3 c4 10. bxc4 Qb2 11. Qc2 Qxa1 12. c5 Ng4 13. Bc1 Bxc5 14. 0-0 Bxd4 15. Bb2 Bxf2+ 16. Rxf2 Qa2 17. c4 Ne3 18. Qc3 Nd1 19. Qc2 Qxb2 20. Qxd1 Qb6 21. cxd5 exd5 22. Nc3 Be6 23. Nb5 0-0-0 24. Kf1 Kb8 25. Rb2 Na7 26. Qb1 Nxb5 27. Rxb5 Qc7 28. Nd4 Rc8 29. Qb3 Bd7 30. Rb6 Ba4 31. Qb2 Qc1+ 32. Kf2 Qxb2+ 33. Rxb2 Ka7 34. Bb5 Bxb5 35. Nxb5+ Ka6 36. Nd6 Rc7 37. Rd2 Rd7 38. Rxd5 b6 39. Ke3 Rhd8 40. Ke4 f6 41. a4 fxe5 42. Kxe5 Rxd6 43. Rxd6 Rxd6 44. Kxd6 b5 0-1

[Event "BLR-ch (Women) 52nd"]
[Site "Minsk"]
[Date "2008.03.12"]
[Round "3"]
[White "Kirpichenko, Ekaterina"]
[Black "Khudaya, Iryna"]
[Result "0-1"]
[WhiteElo "2045"]
[BlackElo "2138"]
[PlyCount "74"]
[EventDate "2008.03.10"]
[EventType "swiss"]
[EventRounds "11"]
[EventCountry "BLR"]
[SourceTitle "CBM 123 Extra"]
[Source "ChessBase"]
[SourceDate "2008.05.06"]
[SourceVersion "1"]
[SourceVersionDate "2008.05.06"]
[SourceQuality "1"]

1. e4 c5 2. Nf3 e6 3. d4 cxd4 4. Nxd4 a6 5. c4 Qc7 6. Nc3 Nf6 7. Be2 Be7 8. 0-0 0-0 9. f4 d6 10. Kh1 b6 11. Qe1 Bb7 12. Bd3 Nc6 13. Nf3 Nb4 14. Bb1 Rac8 15. a3 Nc6 16. Qg3 Na5 17. Ng5 Nh5 18. Qh3 Bxg5 19. Qxh5 Bf6 20. Bc2 g6 21. Qh3 Qxc4 22. Bd2 Nb3 23. Bxb3 Qxb3 24. f5 exf5 25. exf5 Qxb2 26. fxg6 hxg6 27. Ra2 Qb3 28. Rxf6 Rxc3 29. Qxc3 Qxa2 30. Qd3 Be4 31. Qc3 Qb1+ 32. Bc1 Re8 33. Qc4 Bd5 34. Qf1 Qe4 35. Bd2 Qc2 36. Bb4 a5 37. Bc3 Qe2 0-1

[Event "BLR-ch (Women) 52nd"]
[Site "Minsk"]
[Date "2008.03.10"]
[Round "1"]
[White "Revo, Tatiana"]
[Black "Khudaya, Iryna"]
[Result "0-1"]
[WhiteElo "1946"]
[BlackElo "2138"]
[PlyCount "66"]
[EventDate "2008.03.10"]
[EventType "swiss"]
[EventRounds "11"]
[EventCountry "BLR"]
[SourceTitle "CBM 123 Extra"]
[Source "ChessBase"]
[SourceDate "2008.05.06"]
[SourceVersion "1"]
[SourceVersionDate "2008.05.06"]
[SourceQuality "1"]

1. e4 c6 2. d4 d5 3. Nc3 dxe4 4. Nxe4 Nd7 5. Bc4 Nb6 6. Bb3 Bf5 7. Ng3 Bg6 8. Nf3 e6 9. Bf4 Nf6 10. Qd2 Be7 11. 0-0 0-0 12. Ne5 a5 13. a3 a4 14. Ba2 Nfd5 15. Nxg6 hxg6 16. Rad1 Nxf4 17. Qxf4 Nd5 18. Qf3 Qb6 19. c4 Qxb2 20. cxd5 Qxa2 21. dxc6 bxc6 22. Qxc6 Qxa3 23. Ra1 Qd6 24. Qxd6 Bxd6 25. Ne4 Be7 26. Nc5 a3 27. Ra2 Rfd8 28. Nb3 Rab8 29. Nd2 Rxd4 30. g3 Rb2 31. Rxb2 axb2 32. Nb3 Rd3 33. Na5 Rc3 0-1

[Event "EU-Cup (Women) 12th"]
[Site "Kemer"]
[Date "2007.10.08"]
[Round "6.3"]
[White "Khudaya, Iryna"]
[Black "Tikir, Hazal"]
[Result "1-0"]
[WhiteElo "2111"]
[BlackElo "1721"]
[PlyCount "29"]
[EventDate "2007.10.03"]
[EventType "team-swiss"]
[EventRounds "7"]
[EventCountry "TUR"]
[SourceTitle "EXT 2013"]
[Source "ChessBase"]
[SourceDate "2012.11.22"]
[SourceVersion "1"]
[SourceVersionDate "2012.11.22"]
[SourceQuality "1"]
[WhiteTeam "Minsk BGU (W)"]
[BlackTeam "Tarsus Zeka (W)"]
[WhiteTeamCountry "BLR"]
[BlackTeamCountry "TUR"]

1. e4 e5 2. Nc3 Nc6 3. g3 Nf6 4. Bg2 Bc5 5. d3 h6 6. Nf3 d6 7. 0-0 0-0 8. h3 Be6 9. Kh2 a6 10. Ne2 Bb6 11. c4 Nd7 12. a3 a5 13. b3 a4 14. bxa4 Na5 15. Nf4 1-0

[Event "Ilichevsk Sunny Pawn op"]
[Site "Ilichevsk"]
[Date "2007.07.23"]
[Round "4"]
[White "Khudaya, Iryna"]
[Black "Grebeniuk, Semen"]
[Result "0-1"]
[WhiteElo "2085"]
[BlackElo "2222"]
[PlyCount "126"]
[EventDate "2007.07.20"]
[EventType "swiss"]
[EventRounds "11"]
[EventCountry "UKR"]
[SourceTitle "CBM 119 Extra"]
[Source "ChessBase"]
[SourceDate "2007.09.04"]
[SourceVersion "1"]
[SourceVersionDate "2007.09.04"]
[SourceQuality "1"]

1. g3 f5 2. Bg2 Nf6 3. d4 g6 4. c4 Bg7 5. Nc3 0-0 6. Nf3 d6 7. 0-0 Qe8 8. d5 a5 9. Be3 Na6 10. Rc1 Ng4 11. Bd4 Ne5 12. b3 h6 13. e4 f4 14. gxf4 Nxf3+ 15. Bxf3 Rxf4 16. Be3 Rh4 17. Bg2 g5 18. f4 Bg4 19. Qd2 gxf4 20. Bxf4 Qg6 21. Bg3 Rh5 22. Rf2 Nc5 23. Qe3 Bf6 24. Rcf1 Qg7 25. Ne2 Rg5 26. Kh1 Nd7 27. Bh4 Re5 28. Bxf6 Nxf6 29. Bf3 Kh7 30. Rg1 Rg8 31. Rfg2 Rg5 32. Ng3 Bh3 33. Rd2 b6 34. Qf4 Nd7 35. Bg2 Rf8 36. Qh4 Bg4 37. h3 Ne5 38. Nf5 Bxf5 39. exf5 Rfxf5 40. Rdd1 Ng6 41. Qe1 Re5 42. Qd2 Kh8 43. Bf3 Qf6 44. Bg4 Re4 45. Rdf1 Rf4 46. Rxf4 Qxf4 47. Qc3+ Ne5 48. Qb2 h5 49. Be6 Rxg1+ 50. Kxg1 Qg3+ 51. Kf1 Kg7 52. Qd4 Kh6 53. Qd2+ Qg5 54. Qd4 Qf6+ 55. Kg2 Qf3+ 56. Kh2 Qe2+ 57. Kh1 Qf1+ 58. Qg1 Qxg1+ 59. Kxg1 Kg5 60. Kf2 Kf4 61. a3 h4 62. a4 Nd3+ 63. Ke2 Nc5 0-1

[Event "EU-ch U18 Girls"]
[Site "Herceg Novi"]
[Date "2006.09.18"]
[Round "8"]
[White "Kovacs, Ondina"]
[Black "Khudaya, Iryna"]
[Result "1/2-1/2"]
[WhiteElo "1986"]
[BlackElo "2119"]
[PlyCount "112"]
[EventDate "2006.09.10"]
[EventType "swiss"]
[EventRounds "9"]
[EventCountry "MNE"]
[SourceTitle "CBM 114 Extra"]
[Source "ChessBase"]
[SourceDate "2006.11.03"]
[SourceVersion "1"]
[SourceVersionDate "2006.11.03"]
[SourceQuality "1"]

1. e4 c5 2. Nf3 a6 3. d4 cxd4 4. Nxd4 Nf6 5. Nc3 e5 6. Nf5 d5 7. Ng3 d4 8. Nce2 Nc6 9. f4 Bc5 10. Ng1 Ng4 11. Bd3 Ne3 12. Bxe3 dxe3 13. f5 Nb4 14. Nf3 0-0 15. a3 Nxd3+ 16. Qxd3 Qc7 17. Qc3 f6 18. b4 Bb6 19. Qxc7 Bxc7 20. Ke2 b5 21. Kxe3 Bb6+ 22. Ke2 Bb7 23. c3 Rac8 24. Rac1 a5 25. Nd2 Rfd8 26. Nb1 Rc4 27. Nd2 Rc7 28. Rhd1 Rdc8 29. Nb1 axb4 30. axb4 Bd4 31. Rd3 Ra8 32. Rcd1 Ra2+ 33. R3d2 Rxd2+ 34. Rxd2 Bg1 35. h3 Bh2 36. Nf1 Bf4 37. Rd8+ Kf7 38. Kf3 Ke7 39. Rd1 g6 40. g3 Bh6 41. g4 Bf4 42. Rd3 g5 43. Ne3 Bxe3 44. Kxe3 Rc8 45. Nd2 h5 46. Kf3 h4 47. Nb3 Rc7 48. Re3 Ba8 49. Ke2 Ra7 50. Na5 Rd7 51. Nb3 Bc6 52. Nc5 Rd8 53. Rd3 Ra8 54. Kd1 Ra1+ 55. Kd2 Ra2+ 56. Kd1 Ra1+ 1/2-1/2

[Event "EU-ch U18 Girls"]
[Site "Herceg Novi"]
[Date "2006.09.11"]
[Round "2"]
[White "Khudaya, Iryna"]
[Black "Daulyte Cornette, Deimante"]
[Result "0-1"]
[WhiteElo "2119"]
[BlackElo "2202"]
[PlyCount "102"]
[EventDate "2006.09.10"]
[EventType "swiss"]
[EventRounds "9"]
[EventCountry "MNE"]
[SourceTitle "CBM 114 Extra"]
[Source "ChessBase"]
[SourceDate "2006.11.03"]
[SourceVersion "1"]
[SourceVersionDate "2006.11.03"]
[SourceQuality "1"]

1. e4 c5 2. c3 d6 3. d4 Nf6 4. Bd3 g6 5. Nf3 Bg7 6. dxc5 dxc5 7. Qe2 Qc7 8. h3 0-0 9. 0-0 Nc6 10. a4 Nh5 11. Qe3 Na5 12. Ra3 Be6 13. Ng5 Bc4 14. Qe2 Bxd3 15. Qxd3 Rad8 16. Qe2 Nf4 17. Bxf4 Qxf4 18. Nf3 Nc6 19. Nbd2 Ne5 20. Rb3 b6 21. a5 Rd6 22. Nc4 Nxc4 23. Qxc4 Rfd8 24. Qe2 Re6 25. axb6 Rxe4 26. Qb5 c4 27. Rb4 axb6 28. Qxb6 Rf8 29. Qc5 Bf6 30. Qd5 e6 31. Qc6 Rd8 32. Ra4 Kg7 33. Ra7 Rb8 34. Qd7 Rf8 35. Rb7 h5 36. Qc6 g5 37. Nd2 Re2 38. Nxc4 Be5 39. Nxe5 Rxe5 40. Qd6 Qf6 41. b4 Rd5 42. Qc7 Rfd8 43. Qc4 Rd1 44. Rc7 R8d3 45. b5 Qe5 46. Qxd3 Rxd3 47. b6 Qd6 48. Rb1 Rd1+ 49. Rxd1 Qxd1+ 50. Kh2 Qd6+ 51. g3 Qxb6 0-1

[Event "EU-ch U16 Girls"]
[Site "Herceg Novi"]
[Date "2005.09.18"]
[Round "5"]
[White "Gunina, Valentina"]
[Black "Khudaya, Iryna"]
[Result "1/2-1/2"]
[WhiteElo "2394"]
[BlackElo "2043"]
[PlyCount "128"]
[EventDate "2005.09.14"]
[EventType "swiss"]
[EventRounds "9"]
[EventCountry "YUG"]
[SourceTitle "CBM 108 Extra"]
[Source "ChessBase"]
[SourceDate "2005.11.04"]
[SourceVersion "1"]
[SourceVersionDate "2005.11.04"]
[SourceQuality "1"]

1. b3 d5 2. Bb2 Nf6 3. Nf3 Nbd7 4. d4 e6 5. e3 Bd6 6. Be2 0-0 7. 0-0 Ne4 8. c4 c6 9. Nbd2 f5 10. Ne5 Nxe5 11. dxe5 Be7 12. Nxe4 fxe4 13. Qc2 Bd7 14. Rad1 Be8 15. Bg4 Bf7 16. f3 exf3 17. Rxf3 Qe8 18. Rdf1 Qd7 19. cxd5 cxd5 20. Rxf7 Rxf7 21. Rxf7 Kxf7 22. Qxh7 Rg8 23. h4 Bc5 24. h5 Bxe3+ 25. Kh2 Qe7 26. g3 Kf8 27. Qc2 Qd7 28. Ba3+ Ke8 29. Qg6+ Qf7 30. Bxe6 Qxg6 31. hxg6 Rh8+ 32. Kg2 d4 33. Kf3 Bg5 34. Ke4 Be7 35. Bb2 Rh2 36. Bxd4 Rxa2 37. g4 a5 38. Bc4 Rg2 39. Kf5 Kf8 40. Bb6 Ra2 41. Bb5 Bb4 42. Bd7 a4 43. bxa4 Ke7 44. Bb5 Rd2 45. Be3 Rd1 46. Bg5+ Kf8 47. Bh4 Rd4 48. Bf2 Rd2 49. Be3 Rd1 50. Ke6 Be7 51. Bb6 Rd2 52. Ba7 Rg2 53. Kf5 Rd2 54. Bb8 Rd8 55. Bc7 Rd4 56. g5 Rd2 57. Ke6 Bxg5 58. Bd6+ Kg8 59. Kd7 Bf4 60. Kc7 Kh8 61. Bd7 Rd5 62. Bf8 Bxe5+ 63. Kc8 Bd6 64. Bxd6 Rxd6 1/2-1/2

[Event "EU-ch U16 Girls"]
[Site "Herceg Novi"]
[Date "2005.09.16"]
[Round "3"]
[White "Foisor, Sabina Francesca"]
[Black "Khudaya, Iryna"]
[Result "1/2-1/2"]
[WhiteElo "2230"]
[BlackElo "2043"]
[PlyCount "102"]
[EventDate "2005.09.14"]
[EventType "swiss"]
[EventRounds "9"]
[EventCountry "YUG"]
[SourceTitle "CBM 108 Extra"]
[Source "ChessBase"]
[SourceDate "2005.11.04"]
[SourceVersion "1"]
[SourceVersionDate "2005.11.04"]
[SourceQuality "1"]

1. d4 d5 2. c4 dxc4 3. e3 Nf6 4. Nc3 e6 5. Nf3 c5 6. Bxc4 Nc6 7. 0-0 Be7 8. a3 cxd4 9. exd4 0-0 10. Qd3 a6 11. Rd1 b5 12. Ba2 Nd5 13. Bb1 g6 14. Bh6 Re8 15. Ba2 Bb7 16. Ne4 Bf8 17. Bg5 Be7 18. Bh6 Bf8 19. Qd2 Bg7 20. Nc5 Bc8 21. Rac1 Nce7 22. Re1 Bxh6 23. Qxh6 Nf5 24. Qd2 Rb8 25. Bxd5 Qxd5 26. Re5 Qd8 27. d5 exd5 28. Rxe8+ Qxe8 29. Qxd5 b4 30. Re1 Qf8 31. Qc6 Ng7 32. Ne5 bxa3 33. bxa3 Qd8 34. Ned7 Bxd7 35. Nxd7 Ra8 36. h3 Nh5 37. Ne5 Qe8 38. Qb7 Qf8 39. Ng4 Rb8 40. Qxa6 Ra8 41. Qb7 Qxa3 42. Ne5 Ra7 43. Qb8+ Kg7 44. Ng4 Qc3 45. Rd1 Ra1 46. Rxa1 Qxa1+ 47. Kh2 Qd4 48. Qc7 Qf4+ 49. Qxf4 Nxf4 50. Kg3 Ne6 51. f4 Nd4 1/2-1/2

[Event "EU-ch U18 Girls"]
[Site "Urgup"]
[Date "2004.07.??"]
[Round "1"]
[White "Bednikova, Stefka"]
[Black "Khudaya, Iryna"]
[Result "0-1"]
[WhiteElo "2096"]
[BlackElo "2069"]
[PlyCount "65"]
[EventDate "2004.08.??"]
[EventType "swiss"]
[EventRounds "9"]
[EventCountry "TUR"]
[SourceTitle "EXT 2005"]
[Source "ChessBase"]
[SourceDate "2004.11.15"]
[SourceVersion "1"]
[SourceVersionDate "2004.11.15"]
[SourceQuality "1"]

1. e4 c5 2. Nf3 Nc6 3. d4 cxd4 4. Nxd4 g6 5. c4 Bg7 6. Be3 Nf6 7. Nc3 Ng4 8. Qxg4 Nxd4 9. Qd1 Ne6 10. Qd2 0-0 11. Be2 d6 12. 0-0 Bd7 13. Rac1 Re8 14. Nd5 Nc5 15. f3 b6 16. b4 Nb7 17. Bg5 Rc8 18. f4 h6 19. Bh4 Bc6 20. f5 g5 21. Bg3 e6 22. f6 Bxd5 23. cxd5 Rxc1 24. Rxc1 Bxf6 25. Ba6 Qd7 26. a4 Rb8 27. dxe6 Qxe6 28. Bxb7 Rxb7 29. Qxd6 Qxd6 30. Bxd6 Be7 31. e5 Kf8 32. b5 Ke8 33. Rc7 0-1

[Event "EU-ch U18 Girls"]
[Site "Urgup"]
[Date "2004.07.??"]
[Round "9"]
[White "Khudaya, Iryna"]
[Black "Keskin, Serap"]
[Result "1-0"]
[WhiteElo "2069"]
[BlackElo "1968"]
[PlyCount "52"]
[EventDate "2004.08.??"]
[EventType "swiss"]
[EventRounds "9"]
[EventCountry "TUR"]
[SourceTitle "EXT 2005"]
[Source "ChessBase"]
[SourceDate "2004.11.15"]
[SourceVersion "1"]
[SourceVersionDate "2004.11.15"]
[SourceQuality "1"]

1. e4 c5 2. Nc3 e6 3. g3 d6 4. Bg2 a6 5. a4 Qc7 6. Nge2 Nf6 7. 0-0 Be7 8. d3 0-0 9. h3 Nc6 10. f4 Re8 11. g4 g6 12. Ng3 Bf8 13. g5 Nd7 14. h4 Rb8 15. h5 b5 16. Nce2 Nd4 17. c3 Nxe2+ 18. Qxe2 Bb7 19. Qg4 Bc6 20. a5 b4 21. c4 Qb7 22. b3 Bg7 23. Ra2 d5 24. Bb2 d4 25. Bc1 Rbd8 26. Bf3 Qc7 1-0

[Event "EU-ch U18 Girls"]
[Site "Urgup"]
[Date "2004.07.??"]
[Round "2"]
[White "Khudaya, Iryna"]
[Black "Rozic, Vesna"]
[Result "1/2-1/2"]
[WhiteElo "2069"]
[BlackElo "2187"]
[PlyCount "69"]
[EventDate "2004.08.??"]
[EventType "swiss"]
[EventRounds "9"]
[EventCountry "TUR"]
[SourceTitle "EXT 2005"]
[Source "ChessBase"]
[SourceDate "2004.11.15"]
[SourceVersion "1"]
[SourceVersionDate "2004.11.15"]
[SourceQuality "1"]

1. d4 d5 2. c4 e6 3. Nc3 Nf6 4. cxd5 exd5 5. Bg5 c6 6. Qc2 Be7 7. e3 Nbd7 8. Bd3 0-0 9. Nge2 Re8 10. 0-0 Nf8 11. Bxf6 Bxf6 12. b4 Be7 13. Rab1 a6 14. Na4 Bd6 15. Nc5 g6 16. a4 Qh4 17. Ng3 Qf6 18. b5 axb5 19. axb5 h5 20. bxc6 bxc6 21. Nb7 Bc7 22. Rfc1 Bd7 23. Nc5 Bc8 24. Ra1 Rxa1 25. Rxa1 h4 26. Nf1 Nd7 27. Ra8 Nxc5 28. Qxc5 Bd7 29. Ra7 Bd6 30. Qa5 Qe6 31. Ra8 Rxa8 32. Qxa8+ Kg7 33. Qd8 Be7 34. Qc7 Bd6 35. Qd8 1/2-1/2

[Event "EU-ch U18 Girls"]
[Site "Urgup"]
[Date "2004.07.??"]
[Round "3"]
[White "Mamedjarova, Turkan"]
[Black "Khudaya, Iryna"]
[Result "1-0"]
[WhiteElo "2177"]
[BlackElo "2069"]
[PlyCount "66"]
[EventDate "2004.08.??"]
[EventType "swiss"]
[EventRounds "9"]
[EventCountry "TUR"]
[SourceTitle "EXT 2005"]
[Source "ChessBase"]
[SourceDate "2004.11.15"]
[SourceVersion "1"]
[SourceVersionDate "2004.11.15"]
[SourceQuality "1"]

1. e4 c5 2. Nf3 Nc6 3. Bb5 g6 4. 0-0 Bg7 5. c3 e5 6. d3 a6 7. Bc4 Nf6 8. Re1 0-0 9. d4 cxd4 10. cxd4 exd4 11. Nxd4 d5 12. exd5 Nxd5 13. Nf3 Ndb4 14. Nc3 Bf5 15. Bg5 Qc7 16. Rc1 h6 17. Bh4 g5 18. Bg3 Qa5 19. a3 Nc2 20. Rxc2 Bxc2 21. Qxc2 Rad8 22. h3 Rd7 23. Ba2 Rfd8 24. Qg6 Qe5 25. h4 Kh8 26. Qh5 Kg8 27. hxg5 hxg5 28. Nxg5 Qf5 29. Bb1 Qf6 30. Bh4 Qf4 31. g3 Qc7 32. Qh7+ Kf8 33. Qf5 Rd4 1-0

[Event "EU-ch U18 Girls"]
[Site "Urgup"]
[Date "2004.07.??"]
[Round "8"]
[White "Schoene, Maria"]
[Black "Khudaya, Iryna"]
[Result "1-0"]
[WhiteElo "2074"]
[BlackElo "2069"]
[PlyCount "81"]
[EventDate "2004.08.??"]
[EventType "swiss"]
[EventRounds "9"]
[EventCountry "TUR"]
[SourceTitle "EXT 2005"]
[Source "ChessBase"]
[SourceDate "2004.11.15"]
[SourceVersion "1"]
[SourceVersionDate "2004.11.15"]
[SourceQuality "1"]

1. e4 c5 2. Nf3 Nc6 3. d4 cxd4 4. Nxd4 g6 5. Nc3 Bg7 6. Be3 Nf6 7. Bc4 Qa5 8. 0-0 0-0 9. Bb3 d6 10. h3 Bd7 11. Re1 Qh5 12. Nde2 Rac8 13. Qd2 Rfe8 14. Rad1 Qa5 15. f4 b5 16. Ng3 Rc7 17. Qf2 Rb7 18. Kh1 b4 19. Nd5 Nxd5 20. exd5 Nb8 21. Bd4 Ba4 22. f5 Bxb3 23. axb3 Bxd4 24. Qxd4 Nd7 25. Qh4 Qd8 26. Qh6 Nf6 27. Rd4 Qb6 28. Red1 Qc7 29. Rc4 Qd7 30. Rh4 Reb8 31. Rf1 Qb5 32. Rff4 Qxd5 33. Ne4 Qe5 34. Nxf6+ exf6 35. Qxh7+ Kf8 36. Re4 g5 37. Rxe5 dxe5 38. Rc4 Ke7 39. Rc6 Rd8 40. Qg7 Rb6 41. Qxf6+ 1-0